[Event "Open Marianske Lazne 2018 - C"]
[Site "Marianske Lazne (CZE)"]
[Date "2018.01.23"]
[Round "5"]
[White "Strzelecki, Jerzy"]
[Black "Luczak, Filip"]
[Result "0-1"]
[WhiteElo "2009"]
[BlackElo "2069"]
[PlyCount "96"]
[EventDate "2018.01.20"]

1. c4 Nf6 2. Nc3 g6 3. e4 d6 4. d4 Bg7 5. Be2 O-O 6. Nf3 e5 7. O-O Nc6 8. d5
Ne7 9. b4 a5 10. bxa5 Rxa5 11. a4 c5 12. dxc6 bxc6 13. Ba3 c5 14. Bc1 Bb7 15.
Bd3 Nc6 16. Rb1 Qa8 17. Bg5 Nd4 18. Re1 Bc6 19. Nxd4 cxd4 20. Bxf6 Bxf6 21. Nb5
Rxa4 22. Nxd6 Qa5 23. Nb5 Ra8 24. Re2 Ra2 25. g3 Qa4 26. Qe1 Bg5 27. h4 Bh6 28.
Kh2 Qa5 29. Qd1 Rxe2 30. Qxe2 Qd2 31. Qxd2 Bxd2 32. Rb2 Bh6 33. Kg2 Ra1 34. f3
Be3 35. Nc7 Ra3 36. Bf1 Ba4 37. Nd5 Bc1 38. Rb1 Ra2+ 39. Kg1 Ba3 40. g4 Bc5 41.
Kh1 Kg7 42. g5 Rf2 43. Ra1 Bc2 44. Nf6 Rxf3 45. Kg2 Ra3 46. Rxa3 Bxa3 47. Kf2
d3 48. Ke3 Bc1+ 0-1

[Event "Open Marianske Lazne 2018 - C"]
[Site "Marianske Lazne (CZE)"]
[Date "2018.01.23"]
[Round "5"]
[White "Lee, Jun Wei"]
[Black "Szalko, Maciej"]
[Result "1-0"]
[WhiteElo "2064"]
[BlackElo "1878"]
[PlyCount "105"]
[EventDate "2018.01.20"]

1. d4 Nf6 2. c4 g6 3. Nc3 d5 4. Nf3 Bg7 5. e3 O-O 6. b4 c6 7. Be2 Nbd7 8. cxd5
cxd5 9. O-O Nb6 10. Qb3 Bg4 11. h3 Bd7 12. a4 Rc8 13. a5 Nc4 14. Nxd5 Be6 15.
Bxc4 Rxc4 16. Qxc4 Bxd5 17. Qe2 Qd6 18. Ba3 Ne4 19. b5 Qe6 20. Rac1 Bh6 21. Rc7
Re8 22. Rfc1 g5 23. Ne5 Bg7 24. Bb2 f5 25. Nd3 Nd6 26. Nb4 Bb3 27. Qd3 Ba4 28.
d5 Qg6 29. Bxg7 Bxb5 30. Qd4 Qxg7 31. Qxg7+ Kxg7 32. a6 bxa6 33. Rxa7 Bc4 34.
Ra1 Kf6 35. Nxa6 Nb5 36. Rd7 Ra8 37. Rc1 Nd6 38. Nb4 Rc8 39. f3 h5 40. e4 fxe4
41. fxe4 Nxe4 42. Nc6 Bb5 43. Rxe7 Rxc6 44. Rxc6+ Kxe7 45. Re6+ Kd7 46. Rxe4
Kd6 47. Re6+ Kxd5 48. Rg6 Ke4 49. Rxg5 Be8 50. Rg8 Bf7 51. Rf8 Be6 52. Kf2 Bf5
53. Kg3 1-0

[Event "Open Marianske Lazne 2018 - C"]
[Site "Marianske Lazne (CZE)"]
[Date "2018.01.23"]
[Round "5"]
[White "Lau, Ende Matthew"]
[Black "Baum, Jonasz"]
[Result "0-1"]
[WhiteElo "1977"]
[BlackElo "2064"]
[PlyCount "80"]
[EventDate "2018.01.20"]

1. e4 c5 2. Nf3 Nc6 3. Bb5 a6 4. Bxc6 dxc6 5. d3 Qc7 6. Be3 e5 7. Nbd2 Bd6 8.
h3 Ne7 9. O-O Ng6 10. Nc4 O-O 11. Nxd6 Qxd6 12. Qd2 b6 13. a3 a5 14. Rae1 f6
15. Kh1 Be6 16. Qc3 Kh8 17. Ng1 Qd7 18. Kh2 f5 19. exf5 Rxf5 20. b4 cxb4 21.
axb4 Qc7 22. bxa5 bxa5 23. Kh1 Bd5 24. d4 exd4 25. Qxd4 Nf4 26. f3 Nh5 27. Ne2
Qf7 28. Kg1 Bc4 29. Rf2 Bxe2 30. Rfxe2 Ng3 31. Rd2 a4 32. Qc3 a3 33. Qxc6 Rfa5
34. Bb6 R5a6 35. Rd7 Qg8 36. Qb7 a2 37. Rxg7 Ne2+ 38. Kh2 Qxg7 39. Qxg7+ Kxg7
40. Rxe2 a1=Q 0-1

[Event "Open Marianske Lazne 2018 - D"]
[Site "Marianske Lazne (CZE)"]
[Date "2018.01.23"]
[Round "5"]
[White "Bartos, Jan"]
[Black "Baum, Bernd"]
[Result "1/2-1/2"]
[WhiteElo "2197"]
[BlackElo "2314"]
[PlyCount "78"]
[EventDate "2018.01.20"]

1. d4 d5 2. c4 e6 3. Nf3 c6 4. e3 Nd7 5. Nbd2 f5 6. Bd3 Nh6 7. O-O Bd6 8. b3
O-O 9. Bb2 Qf6 10. Qc1 Re8 11. Ba3 Bb8 12. Bb2 g5 13. Rd1 g4 14. Ne1 Qg7 15.
Qc2 Nf6 16. Be2 Ne4 17. Nd3 Nf7 18. Nf4 Nfg5 19. Nxe4 Nxe4 20. f3 gxf3 21. Bxf3
Qh6 22. Bxe4 fxe4 23. Rf1 Bd7 24. Qe2 Kh8 25. Nh5 Rg8 26. Ba3 Bxh2+ 27. Kxh2
Rg5 28. g4 e5 29. Rf8+ Rxf8 30. Bxf8 Qxf8 31. Rf1 Qh6 32. Qf2 exd4 33. Qf4
Rxh5+ 34. gxh5 Qxf4+ 35. Rxf4 dxe3 36. h6 Kg8 37. Kg1 Be6 38. cxd5 cxd5 39. Kf1
Bf7 1/2-1/2

[Event "Open Marianske Lazne 2018 - D"]
[Site "Marianske Lazne (CZE)"]
[Date "2018.01.23"]
[Round "5"]
[White "Stigar, Petter"]
[Black "Simecek, Jan"]
[Result "1-0"]
[WhiteElo "2211"]
[BlackElo "1816"]
[PlyCount "57"]
[EventDate "2018.01.20"]

1. Nf3 d5 2. d4 c6 3. c4 Bg4 4. Ne5 Bf5 5. Nc3 f6 6. Nf3 e6 7. e3 Bg4 8. h3 Bh5
9. Be2 Bd6 10. O-O Nd7 11. e4 dxe4 12. Nxe4 Bc7 13. d5 exd5 14. cxd5 cxd5 15.
Qxd5 Ne5 16. Qb5+ Kf8 17. Nxe5 Bxe2 18. Qxe2 Bxe5 19. Be3 Ne7 20. Rfd1 Qe8 21.
Bc5 Kf7 22. Rd2 b6 23. Be3 Qc6 24. Bd4 Bxd4 25. Rxd4 Rhd8 26. Rad1 Rxd4 27.
Rxd4 Kf8 28. Nd6 Rd8 29. Qe6 1-0

[Event "Open Marianske Lazne 2018 - D"]
[Site "Marianske Lazne (CZE)"]
[Date "2018.01.23"]
[Round "5"]
[White "Berka, Lubos"]
[Black "Chmelik, Jiri"]
[Result "0-1"]
[WhiteElo "1766"]
[BlackElo "1999"]
[PlyCount "74"]
[EventDate "2018.01.20"]

1. e4 c5 2. Nc3 Nc6 3. g3 g6 4. Bg2 Bg7 5. d3 d6 6. Nge2 e6 7. O-O Nge7 8. Be3
Nd4 9. Rb1 Nec6 10. a3 a5 11. Qd2 O-O 12. f4 Rb8 13. g4 f5 14. exf5 exf5 15. g5
Be6 16. h4 d5 17. Ng3 b6 18. Kh2 Qd7 19. a4 Rfe8 20. b3 Bf7 21. Bf2 Nb4 22.
Bxd4 Bxd4 23. Nb5 Be3 24. Qd1 d4 25. Na3 Nd5 26. Bxd5 Bxd5 27. Nc4 Ba8 28. Ne5
Qd5 29. Qe2 Bxf4 30. Rxf4 Rxe5 31. Qf1 Rbe8 32. Rf2 Qd6 33. Qg1 Qe7 34. Rbf1 h6
35. Nxf5 gxf5 36. gxh6+ Kh8 37. Qg5 Re2 0-1

[Event "Open Marianske Lazne 2018 - C"]
[Site "Marianske Lazne (CZE)"]
[Date "2018.01.24"]
[Round "6"]
[White "Certek, Pavel"]
[Black "Molnar, Bela"]
[Result "1/2-1/2"]
[WhiteElo "2286"]
[BlackElo "2278"]
[PlyCount "60"]
[EventDate "2018.01.20"]

1. d4 Nf6 2. Nf3 g6 3. c4 Bg7 4. Nc3 O-O 5. e4 d6 6. Be2 Na6 7. O-O e5 8. dxe5
dxe5 9. Be3 Ng4 10. Bg5 f6 11. Bh4 c6 12. Nd2 Nh6 13. Nb3 Qe7 14. f3 Rd8 15.
Qc2 Nf7 16. Bf2 Be6 17. Rad1 Rxd1 18. Rxd1 Bf8 19. a3 Qc7 20. Na4 b6 21. Nc3
Kg7 22. Nd2 Bc5 23. b4 Bd4 24. Nb3 Bxf2+ 25. Kxf2 Qb7 26. Nd2 Rd8 27. Nf1 Rd4
28. Ne3 c5 29. b5 Nc7 30. Bd3 Rd8 1/2-1/2

[Event "Open Marianske Lazne 2018 - C"]
[Site "Marianske Lazne (CZE)"]
[Date "2018.01.24"]
[Round "6"]
[White "Baum, Jonasz"]
[Black "Neckar, Lubomir"]
[Result "1-0"]
[WhiteElo "2064"]
[BlackElo "2293"]
[PlyCount "83"]
[EventDate "2018.01.20"]

1. e4 Nf6 2. e5 Nd5 3. d4 d6 4. c4 Nb6 5. exd6 cxd6 6. Nc3 g6 7. Be3 Bg7 8. Rc1
O-O 9. Nf3 Bg4 10. Be2 Nc6 11. b3 d5 12. c5 Nc8 13. O-O e6 14. Ne1 Bxe2 15.
Nxe2 N8e7 16. Nc2 Nf5 17. b4 a6 18. a4 Nxe3 19. fxe3 Qg5 20. Qd3 e5 21. b5 axb5
22. axb5 Ne7 23. dxe5 Qxe5 24. Ncd4 Bh6 25. Nf4 Ra2 26. c6 bxc6 27. Nxc6 Nxc6
28. bxc6 Qb2 29. Qxd5 Qa3 30. Qc5 Qb2 31. c7 Bxf4 32. Qxf8+ Kxf8 33. c8=Q+ Ke7
34. Rc7+ Bxc7 35. Qxc7+ Ke6 36. Qxf7+ Ke5 37. Qe7+ Kd5 38. Rd1+ Kc4 39. Qc7+
Kb3 40. Rd3+ Kb4 41. Rd4+ Kb5 42. Rd5+ 1-0

[Event "Open Marianske Lazne 2018 - C"]
[Site "Marianske Lazne (CZE)"]
[Date "2018.01.24"]
[Round "6"]
[White "Tatarintsev, Egor"]
[Black "Lee, Jun Wei"]
[Result "1-0"]
[WhiteElo "2100"]
[BlackElo "2064"]
[PlyCount "65"]
[EventDate "2018.01.20"]

1. d4 d5 2. c4 c6 3. Nc3 Nf6 4. Nf3 dxc4 5. a4 Bg4 6. Ne5 Bh5 7. g3 e6 8. Bg2
Bb4 9. Nxc4 a5 10. O-O O-O 11. Bf4 Nd5 12. Nxd5 exd5 13. Ne5 Re8 14. g4 Bg6 15.
Nxg6 hxg6 16. Bf3 Nd7 17. Kg2 Nf8 18. Bg3 g5 19. e3 Bd6 20. Be2 Ne6 21. Bd3 Rc8
22. Qf3 Bb8 23. Rh1 c5 24. Bb5 Rf8 25. Bxb8 Rxb8 26. dxc5 Rc8 27. Rac1 f5 28.
Rhd1 fxg4 29. Qxd5 Qf6 30. Qxe6+ Qxe6 31. Bc4 Qxc4 32. Rxc4 Rf5 33. Rd7 1-0

[Event "Open Marianske Lazne 2018 - C"]
[Site "Marianske Lazne (CZE)"]
[Date "2018.01.24"]
[Round "6"]
[White "Choroszej, Aleksander"]
[Black "Kolasinski, Krzysztof"]
[Result "0-1"]
[WhiteElo "2073"]
[BlackElo "2053"]
[PlyCount "130"]
[EventDate "2018.01.20"]

1. d4 Nf6 2. c4 e6 3. Nc3 c5 4. d5 exd5 5. cxd5 d6 6. e4 g6 7. f4 Bg7 8. Nf3
O-O 9. Be2 Bg4 10. O-O Re8 11. h3 Bxf3 12. Bxf3 Nbd7 13. g4 h6 14. Qc2 Nh7 15.
Kg2 a6 16. Be3 Bd4 17. Bxd4 cxd4 18. Ne2 Qf6 19. Qd2 Nc5 20. Qxd4 Nxe4 21. Qxf6
Nhxf6 22. Ng3 Nd2 23. Rfd1 Nc4 24. Rd3 Nxb2 25. Rb3 Nc4 26. Rxb7 Nxd5 27. Bxd5
Ne3+ 28. Kf3 Nxd5 29. Rd1 Re3+ 30. Kf2 Nc3 31. Kxe3 Nxd1+ 32. Kf3 Nc3 33. Rd7
Nxa2 34. Ne4 d5 35. Nf6+ Kg7 36. Nxd5 a5 37. g5 hxg5 38. fxg5 Nb4 39. Nxb4 axb4
40. Rb7 Ra3+ 41. Kg4 Rb3 42. h4 Rb1 43. Kf3 b3 44. Ke3 Rh1 45. Kd2 Rh2+ 46. Kc1
Rxh4 47. Rxb3 Rg4 48. Rb5 Rf4 49. Kd2 Re4 50. Kd3 Re7 51. Kd4 f6 52. gxf6+ Kxf6
53. Ra5 g5 54. Ra8 Kf5 55. Rf8+ Kg4 56. Rh8 Kg3 57. Kd3 g4 58. Rh6 Kf3 59. Rf6+
Kg2 60. Rh6 g3 61. Rh8 Kf2 62. Rf8+ Kg1 63. Rh8 g2 64. Rh6 Re5 65. Kd4 Rg5 0-1

[Event "Open Marianske Lazne 2018 - C"]
[Site "Marianske Lazne (CZE)"]
[Date "2018.01.24"]
[Round "6"]
[White "Kolbus, Dietmar"]
[Black "Cwiek, Mariusz"]
[Result "1/2-1/2"]
[WhiteElo "2322"]
[BlackElo "2021"]
[PlyCount "67"]
[EventDate "2018.01.20"]

1. c4 Nf6 2. Nc3 e6 3. e4 d5 4. cxd5 exd5 5. e5 Ne4 6. Nf3 Bf5 7. d4 c6 8. Be2
Bb4 9. Bd2 Nxd2 10. Qxd2 O-O 11. O-O Nd7 12. Qf4 Bg6 13. Nh4 Re8 14. Nxg6 hxg6
15. Bg4 Nf8 16. a3 Bxc3 17. bxc3 Ne6 18. Bxe6 Rxe6 19. Rab1 b5 20. Qc1 g5 21.
a4 a6 22. Re1 g4 23. Qf4 Qa5 24. Rb4 bxa4 25. Qxg4 c5 26. dxc5 Qxc5 27. Qd4 Rc8
28. Rxa4 Qxc3 29. Qxc3 Rxc3 30. Kf1 Rc4 31. Rxc4 dxc4 32. Rc1 Rxe5 33. Rxc4 Ra5
34. Ke2 1/2-1/2

[Event "Open Marianske Lazne 2018 - C"]
[Site "Marianske Lazne (CZE)"]
[Date "2018.01.24"]
[Round "6"]
[White "Volodin, Viktor"]
[Black "Chekletsov, Egor"]
[Result "1/2-1/2"]
[WhiteElo "2207"]
[BlackElo "2039"]
[PlyCount "51"]
[EventDate "2018.01.20"]

1. Nf3 Nf6 2. c4 e6 3. g3 a6 4. Bg2 b5 5. b3 Bb7 6. O-O c5 7. Bb2 d6 8. d3 Be7
9. e4 O-O 10. Na3 Qb6 11. Qc1 Nfd7 12. Nc2 Bf6 13. Bxf6 Nxf6 14. Qd2 Nc6 15.
Rfe1 Ne5 16. Nh4 Ng6 17. Nxg6 hxg6 18. Rad1 e5 19. Ne3 Bc8 20. Rf1 b4 21. f4
Bd7 22. fxe5 dxe5 23. Nd5 Nxd5 24. exd5 Qd6 25. Rde1 f5 26. Qb2 1/2-1/2

[Event "Open Marianske Lazne 2018 - C"]
[Site "Marianske Lazne (CZE)"]
[Date "2018.01.24"]
[Round "6"]
[White "Hopfgartner, Heinz"]
[Black "Giemsa, Alexander"]
[Result "1-0"]
[WhiteElo "2082"]
[BlackElo "1894"]
[PlyCount "57"]
[EventDate "2018.01.20"]

1. d4 e5 2. dxe5 Nc6 3. Nf3 Qe7 4. e3 Nxe5 5. Be2 Qb4+ 6. Nbd2 Nc6 7. O-O Nf6
8. c4 b6 9. a3 Qc5 10. b4 Qf5 11. Bb2 Bb7 12. Qb3 d6 13. Nd4 Qg6 14. Qa4 O-O-O
15. Nxc6 d5 16. Nxd8 Kxd8 17. Bxf6+ gxf6 18. Bf3 Rg8 19. g3 Bd6 20. Qd1 Bc8 21.
Bxd5 h5 22. Bg2 h4 23. Ne4 Bg4 24. f3 Bd7 25. Nxd6 hxg3 26. Nxf7+ Kc8 27. hxg3
Qxg3 28. Rf2 Bh3 29. Raa2 1-0

[Event "Open Marianske Lazne 2018 - C"]
[Site "Marianske Lazne (CZE)"]
[Date "2018.01.24"]
[Round "6"]
[White "Patil, Mitali Madhukar"]
[Black "Sipek, Oldrich Jr"]
[Result "1/2-1/2"]
[WhiteElo "2048"]
[BlackElo "1890"]
[PlyCount "61"]
[EventDate "2018.01.20"]

1. e4 e5 2. Nf3 Nc6 3. Bc4 Bc5 4. c3 Nf6 5. d4 exd4 6. e5 d5 7. Bb5 Ne4 8. cxd4
Bb4+ 9. Bd2 Nxd2 10. Bxc6+ bxc6 11. Nbxd2 Bd7 12. O-O O-O 13. Rc1 Re8 14. Nb3
Rb8 15. Rc2 Re6 16. Qd3 Rg6 17. Rfc1 Qc8 18. Qe3 Be7 19. Nc5 Bxc5 20. dxc5 Bf5
21. Rd2 Be4 22. g3 Bxf3 23. Qxf3 Re6 24. Qc3 Qa6 25. b3 Rbe8 26. f4 g5 27. Rf1
gxf4 28. Rxf4 Rxe5 29. Rdf2 Qc8 30. Rxf7 Qe6 31. Qf3 1/2-1/2

[Event "Open Marianske Lazne 2018 - C"]
[Site "Marianske Lazne (CZE)"]
[Date "2018.01.24"]
[Round "6"]
[White "Siekanska, Maria"]
[Black "Ornet, Tomas"]
[Result "1-0"]
[WhiteElo "1385"]
[BlackElo "1646"]
[PlyCount "41"]
[EventDate "2018.01.20"]

1. d4 d5 2. c4 c6 3. cxd5 cxd5 4. Nc3 e6 5. Bf4 Bd6 6. Bxd6 Qxd6 7. e3 a6 8.
Bd3 Nf6 9. Nf3 Nc6 10. a3 Bd7 11. O-O Rc8 12. Na4 O-O 13. Nc5 Rc7 14. Rc1 Rfc8
15. Nxb7 Rxb7 16. Bxa6 Rxb2 17. Bxc8 Bxc8 18. Ne5 Bb7 19. Qa4 Nxe5 20. dxe5
Qxe5 21. Qa8+ 1-0

[Event "Open Marianske Lazne 2018 - D"]
[Site "Marianske Lazne (CZE)"]
[Date "2018.01.24"]
[Round "6"]
[White "Baum, Bernd"]
[Black "Stigar, Petter"]
[Result "1/2-1/2"]
[WhiteElo "2314"]
[BlackElo "2211"]
[PlyCount "22"]
[EventDate "2018.01.20"]

1. Nf3 c5 2. g3 g6 3. Bg2 Bg7 4. O-O Nc6 5. c4 e6 6. Nc3 Nge7 7. e3 O-O 8. d4
cxd4 9. Nxd4 Nxd4 10. exd4 d5 11. cxd5 Nxd5 1/2-1/2

[Event "Open Marianske Lazne 2018 - D"]
[Site "Marianske Lazne (CZE)"]
[Date "2018.01.24"]
[Round "6"]
[White "Malinovsky, Petr"]
[Black "Beglyj, Mikhail"]
[Result "1-0"]
[WhiteElo "2001"]
[BlackElo "1992"]
[PlyCount "95"]
[EventDate "2018.01.20"]

1. d4 Nf6 2. c4 g6 3. f3 c5 4. d5 d6 5. e4 Bg7 6. Nc3 O-O 7. Be3 a6 8. Qd2 Bd7
9. Bd3 Qc7 10. Nge2 e5 11. g4 Qa5 12. Ng3 b5 13. Rg1 bxc4 14. Bxc4 Bb5 15. Bxb5
axb5 16. Bh6 b4 17. Nce2 Ne8 18. Kf2 c4 19. Rgc1 c3 20. bxc3 bxc3 21. Rxc3 Nd7
22. Be3 h5 23. gxh5 f5 24. Bh6 f4 25. Bxg7 fxg3+ 26. hxg3 Nxg7 27. hxg6 Nf6 28.
Kg2 Rac8 29. Qh6 Qa7 30. Rh1 Ngh5 31. g4 Qg7 32. Rxh5 Nxh5 33. Qxh5 Rxc3 34.
Nxc3 Rf6 35. Qh7+ Qxh7 36. gxh7+ Kxh7 37. a4 Rf7 38. Nb5 Kg6 39. a5 Rb7 40.
Nxd6 Ra7 41. Nc4 Kf6 42. Kg3 Rc7 43. g5+ Kxg5 44. Nxe5 Rc1 45. Nc6 Ra1 46. f4+
Kg6 47. Kg4 Ra4 48. e5 1-0

[Event "Open Marianske Lazne 2018 - D"]
[Site "Marianske Lazne (CZE)"]
[Date "2018.01.24"]
[Round "6"]
[White "Chaloupka, Frantisek"]
[Black "Kalveus, Jan"]
[Result "1-0"]
[WhiteElo "1992"]
[BlackElo "1826"]
[PlyCount "59"]
[EventDate "2018.01.20"]

1. e4 e6 2. d4 d5 3. Nd2 dxe4 4. Nxe4 Nd7 5. Nf3 Ngf6 6. Bd3 Nxe4 7. Bxe4 Nf6
8. Bd3 c5 9. c3 Be7 10. O-O O-O 11. Bg5 Nd5 12. Bxe7 Qxe7 13. Re1 cxd4 14. Nxd4
Qg5 15. Qf3 Qf4 16. Be4 Qxf3 17. Bxf3 Nf6 18. Nb3 Rb8 19. Na5 Re8 20. Rad1 Kf8
21. Nc4 Ng8 22. Rd4 Ne7 23. Red1 Nc6 24. Rd6 Ke7 25. Bxc6 bxc6 26. Rxc6 Rd8 27.
Rc7+ Bd7 28. Ne5 Rxb2 29. h3 Rxa2 30. Nc6+ 1-0

[Event "Open Marianske Lazne 2018 - D"]
[Site "Marianske Lazne (CZE)"]
[Date "2018.01.24"]
[Round "6"]
[White "Simecek, Jan"]
[Black "Jeute, Peter"]
[Result "0-1"]
[WhiteElo "1816"]
[BlackElo "1946"]
[PlyCount "68"]
[EventDate "2018.01.20"]

1. d4 d5 2. c4 e6 3. Nc3 c5 4. cxd5 exd5 5. e3 Nf6 6. Nf3 Nc6 7. dxc5 Bxc5 8.
Nb5 Ne4 9. Be2 O-O 10. O-O Re8 11. Nbd4 Qb6 12. Nb3 Be6 13. Bd3 Bf8 14. Nfd4
Bd7 15. Re1 Rad8 16. f3 Nc5 17. Nxc5 Bxc5 18. Nc2 Ne5 19. a3 Nxd3 20. Qxd3 Bb5
21. Qd2 Qf6 22. b4 Bb6 23. a4 Bc4 24. a5 Bc7 25. Nd4 Qe5 26. g3 Qg5 27. Bb2 h5
28. Qg2 Rxe3 29. f4 Qe7 30. Rxe3 Qxe3+ 31. Qf2 Re8 32. Qxe3 Rxe3 33. Kf2 Rd3
34. Ke1 Bd6 0-1

[Event "Open Marianske Lazne 2018 - D"]
[Site "Marianske Lazne (CZE)"]
[Date "2018.01.24"]
[Round "6"]
[White "Muecke, Michael"]
[Black "Hrivnakova, Anna"]
[Result "1-0"]
[WhiteElo "1730"]
[BlackElo "1538"]
[PlyCount "105"]
[EventDate "2018.01.20"]

1. d4 Nf6 2. c4 g6 3. Nc3 d5 4. Bf4 Bg7 5. e3 O-O 6. Nf3 e6 7. Rc1 c6 8. b4 a6
9. c5 Nbd7 10. a4 Re8 11. Ne5 Nxe5 12. Bxe5 Nd7 13. Bxg7 Kxg7 14. Be2 e5 15. h4
h6 16. a5 Qf6 17. h5 g5 18. O-O exd4 19. exd4 Nf8 20. Bg4 Bxg4 21. Qxg4 Ne6 22.
Rcd1 Qf4 23. Qxf4 Nxf4 24. g4 Re7 25. Rfe1 Rae8 26. Kf1 Rxe1+ 27. Rxe1 Rxe1+
28. Kxe1 Nd3+ 29. Ke2 Nf4+ 30. Kd2 f5 31. f3 Kf6 32. Nd1 fxg4 33. fxg4 Ne6 34.
Ke3 Nf4 35. Nb2 Ng2+ 36. Kf2 Nf4 37. Kf3 Ne6 38. Ke3 Nf4 39. Na4 Ng2+ 40. Kf2
Nf4 41. Nb6 Nd3+ 42. Ke3 Nxb4 43. Kd2 Ke6 44. Nc8 Na2 45. Nd6 Nb4 46. Nf5 b5
47. cxb6 c5 48. dxc5 Nc6 49. b7 Kd7 50. Nxh6 Kc7 51. Nf7 Kxb7 52. h6 Ne7 53.
Ne5 1-0

[Event "Open Marianske Lazne 2018 - D"]
[Site "Marianske Lazne (CZE)"]
[Date "2018.01.24"]
[Round "6"]
[White "Svec, Jan"]
[Black "Ruzicka, Tomas"]
[Result "1-0"]
[WhiteElo "1745"]
[BlackElo "1762"]
[PlyCount "105"]
[EventDate "2018.01.20"]

1. d4 Nf6 2. c4 g6 3. Nc3 d5 4. Nf3 Bg7 5. e3 O-O 6. Be2 Bg4 7. Ne5 Bxe2 8.
Qxe2 c6 9. O-O Nbd7 10. Nxd7 Qxd7 11. cxd5 cxd5 12. Bd2 Rfe8 13. Rac1 e5 14.
Nb5 a6 15. Nc7 Rad8 16. Nxe8 Rxe8 17. dxe5 Rxe5 18. Bc3 Rh5 19. Bxf6 Bxf6 20.
h3 Re5 21. Rfd1 Qa4 22. b3 Qh4 23. Rc5 Qe4 24. Qd3 Qb4 25. Rxd5 Re8 26. Rd7 b5
27. Qd5 Rf8 28. Qd6 Qc3 29. Qxa6 b4 30. Qb6 Qb2 31. Qxb4 Qxa2 32. Qc4 Be5 33.
Qc5 Qb2 34. R7d2 Qc3 35. Qxc3 Bxc3 36. Rc2 Be5 37. g3 Rb8 38. Rb1 Kg7 39. b4
Rb7 40. b5 Bc7 41. Kg2 Bb6 42. Rc6 f6 43. Kf3 Kf7 44. Ke4 Ke7 45. Kd5 Rd7+ 46.
Ke4 Rb7 47. g4 Rb8 48. Rd1 Bd8 49. Rd5 Rb7 50. f4 Bb6 51. f5 Kf7 52. Rdd6 Re7+
53. Re6 1-0

[Event "Open Marianske Lazne 2018 - D"]
[Site "Marianske Lazne (CZE)"]
[Date "2018.01.24"]
[Round "6"]
[White "Svec, Ludek"]
[Black "Jesensky, Jaromir"]
[Result "1-0"]
[WhiteElo "1666"]
[BlackElo "1557"]
[PlyCount "33"]
[EventDate "2018.01.20"]

1. d4 d5 2. Nf3 Nf6 3. g3 c6 4. Bg2 Bf5 5. c4 e6 6. Nc3 Nbd7 7. Qb3 Qb6 8. c5
Qc7 9. Bf4 Qc8 10. O-O h6 11. Nd2 Nh5 12. Bd6 Bxd6 13. cxd6 O-O 14. f3 Nhf6 15.
e4 dxe4 16. fxe4 Nxe4 17. Ncxe4 1-0

[Event "Open Marianske Lazne 2018 - D"]
[Site "Marianske Lazne (CZE)"]
[Date "2018.01.24"]
[Round "6"]
[White "Tomanek, Karel"]
[Black "Stocek, Jiri"]
[Result "0-1"]
[WhiteElo "1371"]
[BlackElo "1292"]
[PlyCount "57"]
[EventDate "2018.01.20"]

1. d4 Nf6 2. c4 d5 3. Nc3 dxc4 4. e4 g6 5. h3 Bg7 6. Nf3 O-O 7. Bxc4 b6 8. e5
Nfd7 9. O-O Bb7 10. Ng5 e6 11. Qb3 Nc6 12. Qd1 h6 13. Nf3 Ne7 14. Be3 Nf5 15.
Qe2 Bxf3 16. Qxf3 Qh4 17. Qe4 g5 18. Bd3 Qxe4 19. Bxe4 Rad8 20. Nb5 c5 21. dxc5
Nxe3 22. fxe3 Nxc5 23. Bf3 Bxe5 24. Rab1 a6 25. Nc3 Nd3 26. Nd1 a5 27. b3 Nb4
28. Rf2 Bg3 29. Rc2 0-1

[Event "Open Marianske Lazne 2018 - A + B"]
[Site "?"]
[Date "2018.01.23"]
[Round "5"]
[White "Plat, Vojtech"]
[Black "Kulkarni, Bhakti"]
[Result "0-1"]
[WhiteElo "2569"]
[BlackElo "2306"]
[PlyCount "76"]
[EventDate "2018.??.??"]

1. d4 d5 2. c4 c6 3. Nc3 Nf6 4. cxd5 cxd5 5. Bf4 a6 6. e3 Nc6 7. Bd3 e6 8. Rc1
Be7 9. Nf3 Nh5 10. Be5 Nxe5 11. Nxe5 Nf6 12. O-O O-O 13. Na4 g6 14. Qb3 Nd7 15.
Nxd7 Bxd7 16. Nc5 b5 17. Rc2 Ra7 18. Rfc1 Bd6 19. g3 Qe7 20. e4 dxe4 21. Nxe4
Bb8 22. Bf1 e5 23. d5 Bf5 24. Qe3 Rd8 25. Rc6 Bxe4 26. Qxe4 f5 27. Qe3 Rad7 28.
Rxa6 Rxd5 29. Qb6 e4 30. Bxb5 Kg7 31. Ra8 Qe5 32. Qb7+ Kh6 33. Qb6 f4 34. Be2
e3 35. Re1 Bc7 36. Qa7 Rxa8 37. Qxa8 exf2+ 38. Kxf2 fxg3+ 0-1

[Event "Open Marianske Lazne 2018 - A + B"]
[Site "?"]
[Date "2018.01.23"]
[Round "5"]
[White "Liu, Yi"]
[Black "Yurtseven, Melih"]
[Result "1/2-1/2"]
[WhiteElo "2337"]
[BlackElo "2404"]
[PlyCount "126"]
[EventDate "2018.??.??"]

1. d4 e6 2. e4 d5 3. exd5 exd5 4. Nf3 Bd6 5. Bd3 Ne7 6. O-O Bg4 7. c3 Nbc6 8.
b4 a6 9. Nbd2 Qd7 10. Re1 O-O 11. Qc2 h6 12. Ne5 Bxe5 13. dxe5 Bf5 14. Nf3 Rfe8
15. Bf4 Nd8 16. Rad1 Bxd3 17. Rxd3 Qf5 18. Bc1 Nec6 19. Qd2 Nxe5 20. Rxe5 Rxe5
21. Nxe5 Qxe5 22. Rxd5 Qe8 23. c4 Ne6 24. h3 Rd8 25. Rxd8 Qxd8 26. Qxd8+ Nxd8
27. a3 h5 28. Kf1 Ne6 29. Ke2 c6 30. g4 g6 31. Kd3 f5 32. gxf5 gxf5 33. c5 Kf7
34. f4 Nf8 35. a4 Ne6 36. Kc4 Nc7 37. Bd2 Ke6 38. Kd4 Nd5 39. Kc4 Nf6 40. Kd4
Ne4 41. Be1 Nf6 42. Kc4 Nd7 43. Bd2 Nf8 44. Be3 Ng6 45. Bd2 Nh4 46. Bc1 Ke7 47.
Be3 Kf6 48. Kd3 Ke6 49. Kd4 Nf3+ 50. Kc4 Ne1 51. Bd2 Ng2 52. Kd4 Nh4 53. Kc4
Ng6 54. Bc1 Ne7 55. Be3 Nd5 56. Bd2 Ke7 57. Kd3 b5 58. cxb6 Nxb6 59. a5 Nd7 60.
Kc4 Kd6 61. Bc3 Ke6 62. Bb2 Kd6 63. Bc3 Ke6 1/2-1/2

[Event "Open Marianske Lazne 2018 - A + B"]
[Site "?"]
[Date "2018.01.23"]
[Round "5"]
[White "Popov, Mikhail"]
[Black "Chekletsov, Ilya"]
[Result "1/2-1/2"]
[WhiteElo "2416"]
[BlackElo "2373"]
[PlyCount "169"]
[EventDate "2018.??.??"]

1. c4 e6 2. g3 Nf6 3. Bg2 Be7 4. Nf3 O-O 5. O-O b6 6. Ne5 d5 7. d4 Bb7 8. Nc3
Nbd7 9. Nd3 Ne4 10. cxd5 exd5 11. Nf4 Ndf6 12. Qb3 Nxc3 13. bxc3 Re8 14. Re1
Bf8 15. Nd3 h6 16. Bf4 Bd6 17. Rac1 Bxf4 18. Nxf4 Qd6 19. e3 Rac8 20. Bh3 Rb8
21. Red1 Ba6 22. Bf1 Bxf1 23. Kxf1 g5 24. Nd3 Qe6 25. Ne5 c5 26. Kg2 c4 27. Qc2
Ng4 28. Nxg4 Qxg4 29. h4 gxh4 30. Rh1 Qe4+ 31. Qxe4 Rxe4 32. gxh4 Kf8 33. Rb1
Ke7 34. Kf3 Rg8 35. a4 Kd6 36. a5 Kc6 37. axb6 axb6 38. Rb2 Rb8 39. h5 Re6 40.
Ra1 Rf6+ 41. Ke2 Rf5 42. Rh1 Ra8 43. f4 Ra3 44. Rhb1 Ra6 45. Kf3 Rf6 46. e4
dxe4+ 47. Kxe4 Re6+ 48. Kf3 Kb7 49. d5 Rd6 50. Ke4 Ra3 51. Kd4 Ra5 52. Rb5 Ra2
53. Ke5 Kc7 54. R1b4 Rh2 55. Rxc4+ Kd7 56. Ra4 Rxh5+ 57. Ke4 f6 58. Ra7+ Kc8
59. c4 Rh1 60. Kf5 h5 61. Rf7 h4 62. Rxf6 Rxf6+ 63. Kxf6 h3 64. Rb2 h2 65. Rf2
Kd7 66. f5 Kd6 67. Kf7 b5 68. cxb5 Kxd5 69. b6 Kc6 70. f6 Kxb6 71. Kf8 Kc6 72.
f7 Kd7 73. Rg2 Kc7 74. Rd2 Kc6 75. Ra2 Kc7 76. Ra7+ Kb6 77. Ra2 Kc7 78. Rd2 Kc6
79. Re2 Kd7 80. Rg2 Kc7 81. Rc2+ Kd7 82. Re2 Kd8 83. Rd2+ Kc7 84. Rg2 Kd7 85.
Rd2+ 1/2-1/2

[Event "Open Marianske Lazne 2018 - A + B"]
[Site "?"]
[Date "2018.01.23"]
[Round "5"]
[White "Lizak, Peter"]
[Black "Pacher, Milan"]
[Result "1/2-1/2"]
[WhiteElo "2458"]
[BlackElo "2444"]
[PlyCount "41"]
[EventDate "2018.??.??"]

1. c4 e5 2. Nc3 Nf6 3. Nf3 Nc6 4. e3 g6 5. d4 exd4 6. Nxd4 Bg7 7. Be2 O-O 8.
O-O Nxd4 9. Qxd4 Re8 10. Qd2 d6 11. Bf3 Ng4 12. Bxg4 Bxg4 13. b3 Bf3 14. gxf3
Qg5+ 15. Kh1 Qh5 16. Rg1 Qxf3+ 17. Rg2 Bxc3 18. Qxc3 Qd1+ 19. Rg1 Qf3+ 20. Rg2
Qd1+ 21. Rg1 1/2-1/2